|
|
|
|
| LEADER |
00000nam a2200000 a 4500 |
| 001 |
vtls001345645 |
| 003 |
SK-MaSNL |
| 005 |
20260331203719.0 |
| 008 |
240226s1998 xo r y slo |
| 015 |
|
|
|a SNBSAB1998-00035
|
| 020 |
|
|
|a 8088783119
|
| 035 |
|
|
|a SNK000298875
|
| 035 |
|
|
|a urn:nbn:sk:snk-amkico
|
| 035 |
|
|
|a urn:nbn:sk:snk-am0039zr
|
| 035 |
|
|
|a 5B018C0A-430A-4CF0-A001-7C97303BCE40
|
| 040 |
|
|
|a SNK
|b slo
|c SNK
|e AACR2
|
| 041 |
0 |
|
|a slo
|
| 044 |
|
|
|a xo
|c SK
|
| 080 |
|
|
|a 885.4-1
|2 1981
|
| 100 |
1 |
|
|a Donovalová, Katarína,
|d 1950-
|4 zos
|9 101875
|
| 245 |
1 |
0 |
|a Príležitostná poézia k občianskym obradom a slávnostiam
|b (výberová odporúčajúca bibliografia)
|c [zostavila: Katarína Donovalová]
|
| 260 |
|
|
|a Banská Bystrica
|b Verejná knižnica Mikuláša Kováča
|c 1998
|
| 300 |
|
|
|a 63 s.
|c 21x14,5 cm
|
| 500 |
|
|
|a Údaj o zost. je prevzatý z tiráže
|
| 500 |
|
|
|a 100 výt.
|
| 504 |
|
|
|a Reg. aut. a excerpovaných zbierok. Lit. 182 zázn. o bg. a zbor. v slov.
|
| 650 |
0 |
7 |
|a literatúra slovenská
|x básne príležitostné
|x bibliografie výberové
|x bibliografie odporúčajúce
|2 SNK
|9 580284
|
| 655 |
|
7 |
|a neperiodické bibliografie
|2 SNK
|9 60408
|
| 919 |
|
|
|a 80-88783-11-9
|
| 958 |
|
|
|a RM
|
| 958 |
|
|
|a SF
|
| 999 |
|
|
|c 891778
|d 893708
|
| 952 |
|
|
|t P60, <03>, [BOOK], {603}
|a SNK
|b SNK
|y PREZ
|7 0
|p 17A0165201
|o snkSC 97010
|i snkKSP 9740/98
|0 0
|1 0
|4 0
|d 1998-10-20
|f 1
|l 0
|r 2025-09-16 00:00:00
|w 2026-02-24
|
| 952 |
|
|
|t P60, <04>, [BOOK], {604}
|a SNK
|b SNK
|y VYP
|7 0
|p 17A0165202
|o snkSC 97010 D1
|i snkKSP 9741/98
|0 0
|1 0
|4 0
|d 1998-10-20
|l 0
|r 2005-01-02 00:00:00
|w 2026-02-24
|